| 000 | 00593cam a2200217ua 4500 | ||
|---|---|---|---|
| 001 | 11227 | ||
| 005 | 20260515114726.0 | ||
| 008 | 190930n ii |||gr||||Z||||||asm | ||
| 020 | _a9789381485880 | ||
| 040 | _cMAIN | ||
| 041 | _aasm | ||
| 082 | _a891.4514 | ||
| 100 |
_aBimal Mazumdar, _eAuthor., |
||
| 245 |
_aSahitya : _bTattwa aru samiksha / _cBy Bimal Mazumdar . |
||
| 250 | _a1st ed. | ||
| 260 |
_aGuwahati: _bJyoti Prakashan, _c2016. |
||
| 300 | _a190p. | ||
| 653 | _aEast Indo-European & Celtic literatures | ||
| 653 | _aA critical study on Assamese Literature | ||
| 942 | _cBK | ||
| 999 |
_c10079 _d10079 |
||